000 00815nam a2200265 a 4500
001 66346
003 BD-RjUL
005 20211209081527.0
008 170315s1977 nyua 00110 eng d
035 _a(BD-RjUL)66476
040 _cBD-RjUL
_dBD-RjUL
_aBD-RjUL
_beng
041 _aeng
082 _a597
_223
_bLAI 1977
100 1 0 _aLagler, Karl F.
_q(Karl Frank),
_d1912-1985
_9196259
245 1 0 _aIchthyology /
_cKarl F. Lagler, John E. Bardach, Robert R. Miller ; illustrated by William L. Brudon.
250 _a2nd ed.
260 0 _aNew York :
_bWiley,
_c1977
300 _axiv, 506 p. :
_bill. ;
_c24 cm.
500 _aIncludes index
650 0 _aFishes.
_9178987
700 1 _aBardach, John E.
_9227092
700 1 _aMiller, Robert R.
_9227093
700 1 _a Brudon, William L.
_9196262
942 _2ddc
_cBK
999 _c66346
_d66346